Saikin no Shina kyōsantō /
Saved in:
| Main Author: | |
|---|---|
| Format: | Book |
| Language: | Japanese |
| Published: |
Tōkyō :
Shina Mondai Kenkyūjo,
Shōwa 5 [1930]
|
| Series: | Shina Mondai Kenkyū ;
dai 1-satsu. |
| Subjects: | |
| Tags: |
Add Tag
No Tags, Be the first to tag this record!
|
| LEADER | 01080nam a2200289ui 4500 | ||
|---|---|---|---|
| 001 | 007742697-5 | ||
| 005 | 20024617122053.0 | ||
| 008 | 960503s1930 ja a 000 0 jpn d | ||
| 035 | 0 | |a ocm34670667 | |
| 040 | |a NIC |c NIC |d *YNH* |d CStRLIN | ||
| 100 | 1 | |6 880-01 |a Nagano, Akira, |d 1888-1975. | |
| 245 | 1 | 0 | |6 880-02 |a Saikin no Shina kyōsantō / |c Nagano Akira cho. |
| 260 | |6 880-03 |a Tōkyō : |b Shina Mondai Kenkyūjo, |c Shōwa 5 [1930] | ||
| 300 | |a 122 p. ; |c 19 cm. | ||
| 490 | 1 | |6 880-04 |a Shina Mondai Kenkyū ; |v dai 1-satsu | |
| 500 | |a Not in trade. | ||
| 610 | 2 | 0 | |6 880-05 |a Zhongguo gong chan dang. |
| 651 | 0 | |a China |x Politics and government |y 1912-1949. | |
| 880 | 1 | |6 100-01 |a 長野朗, |d 1888-1975. | |
| 880 | 1 | 0 | |6 245-02 |a 最近の支那共産黨 / |c 長野朗著. |
| 880 | |6 260-03 |a 東京 : |b 支那問題硏究所, |c 昭和5 [1930] | ||
| 880 | 1 | |6 490-04 |a 支那問題硏究所 ; |v 第1册 | |
| 880 | 2 | 0 | |6 610-05 |a 中國共産黨. |
| 830 | 0 | |6 880-54 |a Shina Mondai Kenkyū ; |v dai 1-satsu. | |
| 880 | 0 | |6 830-54 |a 支那問題硏究所 ; |v 第1册. | |
| 988 | |a 20021220 | ||
| 906 | |0 OCLC | ||


